Filosofía moral /

Spremljeno u:
Bibliografski detalji
Glavni autor: Raphael, D.D (autor)
Daljnji autori: Utrilla Trejo, Juan José (traducción) (traducción)
Format: Knjiga
Jezik:španjolski
Izdano: México : Fondo de Cultura Económica, 1986, c1986
Oznake: Dodaj oznaku
Bez oznaka, Budi prvi tko označuje ovaj zapis!

MARC

LEADER 00000nam^a2200000^a^4500
001 000572102
005 20250521000000.0
009 20260310132301.582
020 |a 968-16-2180-8 
037 |a Acervo Xavier Clavigero 
041 |a ESP 
091 |a FPA. 03610 
100 |a Raphael, D.D.  |e (autor) 
245 1 0 |a Filosofía moral / 
264 4 |a México :  |b Fondo de Cultura Económica,  |c 1986, c1986 
300 |a 251 p. 
336 |a texto  |b txt  |2 rdacontenido 
337 |a sin mediación  |b n  |2 rdamedio 
338 |a volumen  |b nc  |2 rdasoporte 
649 |a XX 
700 |a Utrilla Trejo, Juan José  |e (traducción) 
910 |a Fondo José Ignacio Palencia Gómez S.J. 
920 |a Impresos - Libros 
930 |a Fondos Especiales 
905 |a 137 
901 |a 0500356318  |b IT2  |c ESL  |i D  |u 20250521 
902 |a https://opac.biblio.iteso.mx/vufind/Record/000572102